00654nam a2200205Ia 4500003000400000005001700004008004100021020001500062040002900077050002500106100003100131245004300162250001200205260004200217300000900259650002600268942001200294952012700306999001500433OSt20230907123416.0221221s9999 xx 000 0 und d a0131810669 cChuka University Library aHF 5686 bC8H67 1994 aHorngren, Charles T.92853 0aCost accounting: a managerial emphasis a8th ed. aEnglewood CliffsbPrentice Hallc1994 a969p aCost accounting99548 cBK2lcc 00102lcc40708LGLaCHKbCHKcGENd2022-12-21l0oHF 5686 .C8H67 1994p4814/2009r2022-12-21 00:00:00t1w2022-12-21yBK c3783d3783